00335nam a2200121Ia 4500008004100000024001500041082001600056100001700072245003900089260002500128600002700153650003300180250506s9999 xx 000 0 und d a04B-024-EE a668.972 FIZ aFizzah Obaid 0aAutomation of New Polymer Line R13 aKarachi:bUIT,c2004 aElectronic Engineering aBachelor of Engineering (BE)